Make money as a buyer’s agent : Double your commissions by working with real estate buyers
Traditionally, real estate agents help home sellers get the best deal on their home, but no one covers the buyer’s side. This guide shows you how to make the switch from representing sellers to representing buyers, so you can keep making money even as the seller’s market slows down. Learn to earn bi...
Đã lưu trong:
| Príomhúdar: | |
|---|---|
| Formáid: | Leabhar |
| Teanga: | Undetermined |
| Foilsithe: |
Hoboken, N.J.
John Wiley & Sons
2007
|
| Ábhair: | |
| Clibeanna: |
Cuir Clib Leis
Gan Chlibeanna, Bí ar an gcéad duine leis an taifead seo a chlibeáil!
|
| Thư viện lưu trữ: | Trung tâm Học liệu Trường Đại học Cần Thơ |
|---|
| LEADER | 01206nam a2200241Ia 4500 | ||
|---|---|---|---|
| 001 | CTU_163197 | ||
| 008 | 210402s9999 xx 000 0 und d | ||
| 020 | |c 12.7 | ||
| 082 | |a 333.33068 | ||
| 082 | |b H859 | ||
| 100 | |a Howell-Carey, Chantal | ||
| 245 | 0 | |a Make money as a buyer’s agent : | |
| 245 | 0 | |b Double your commissions by working with real estate buyers | |
| 245 | 0 | |c Chantal Howell Carey, Bill Carey | |
| 260 | |a Hoboken, N.J. | ||
| 260 | |b John Wiley & Sons | ||
| 260 | |c 2007 | ||
| 520 | |a Traditionally, real estate agents help home sellers get the best deal on their home, but no one covers the buyer’s side. This guide shows you how to make the switch from representing sellers to representing buyers, so you can keep making money even as the seller’s market slows down. Learn to earn big commissions, no matter what happens to the market. | ||
| 650 | |a Real estate agents,Real estate business,Agency (Law),Đại lý bất động sản,Kinh doanh bất động sản,Cơ quan (Luật) | ||
| 650 | |x Hoa Kỳ | ||
| 650 | |z United States,United States,United States,Hoa Kỳ | ||
| 904 | |i Bạch Trúc | ||
| 980 | |a Trung tâm Học liệu Trường Đại học Cần Thơ | ||